| 000 | 02308nam a2200205Ia 4500 | ||
|---|---|---|---|
| 003 | Ost | ||
| 005 | 20260507075450.0 | ||
| 008 | 260507s9999||||xx |||||||||||||| ||und|| | ||
| 040 | _cfsecg | ||
| 041 | _aara | ||
| 082 | _a515.352 | ||
| 100 |
_aدهبي، نورة _eمؤلف |
||
| 245 | 0 |
_aالمعادلات التفاضلية / _c نورة دهبي |
|
| 260 |
_aعمان: _bدار صفاء للنشر و التوزيع, _c2005 |
||
| 300 |
_a198 صفحة؛ _bإيضاحات ؛ _c24 سم |
||
| 520 | _aيتناول هذا الكتاب : الوحدة الأولى : المعادلات التفاضلية : تعاريف : تكوين المعادلات التفاضلية : الثوابت الاختيارية وربتة معادلة تفاضلية-الوحدة الثانية : المعادلات التفاضلية : طريقة تيلور : تطبيق تيلور على مجموعة المعادلات التفاضلية : طرق أويل أويلر المصححة : طريقة التنبؤ والتصحيح لاويلر: طريقة بيكارد : طرق رونك : طرق استمرار الحل (طرق متعددة الخطوات)-الوحدة الثالثة : المعادلات التفاضلية من الرتبة الأولى والدرجة الأولى : فصل المتغيرات : المعادلات المتجانسة : المعادلات التى على الصورة : المعادلات التامة : المعادلات الخطية : معادلة برنوللى-الوحدة الرابعة : تطبيقات على المعادلات التفاضلية ذات الرتبة الأولى : تطبيقات على المعادلات التفاضلية ذات الرتبة الأولى-الوحدة الخامسة : المعادلات التفاضلية من الرتبة الثانية : نموذج سوف مع مخزون : نموذج الدخل القومى-الوحدة السادسة : المعادلات التفاضلية الاعتيادية : المعادلات الخطية المتجانسة : المعادلات الخطية غير المتجانسة : مسائل القيم الحدودية (التخومية) : مسائل القيم الحدودية الشاذة : دوال كرين | ||
| 653 | _aعادية خطية | ||
| 653 | _aمعادلات تفاضلية | ||
| 942 | _cكتاب | ||
| 999 |
_c44621 _d44621 |
||